Hidden liabilities associated with contaminated land (Record no. 72760)

MARC details
000 -LEADER
fixed length control field 01065cam a2200217 4500
001 - CONTROL NUMBER
control field ABS66700
008 - FIXED-LENGTH DATA ELEMENTS--GENERAL INFORMATION
fixed length control field 030527n2003 000 0 eng u
035 ## - SYSTEM CONTROL NUMBER
System control number (Sirsi) u122410
100 ## - MAIN ENTRY--PERSONAL NAME
Personal name Joyce, A.
245 ## - TITLE STATEMENT
Title Hidden liabilities associated with contaminated land
260 ## - PUBLICATION, DISTRIBUTION, ETC.
Date of publication, distribution, etc. 2003
490 ## - SERIES STATEMENT
Series statement Civil Engineering Surveyor
Volume/sequential designation May 2003, 32-33(2)
520 ## - SUMMARY, ETC.
Summary, etc. Discusses the environmental liabilities which come with ownership and occupation of contaminated land. Where remediation is necessary it may be expensive and even lead to negative equity. Management and production time can be lost during clean-up operations, leading to financial difficulties. Provides an overview of the hazards which may be encountered, the possible solutions and the potential results if legislation and documentation such as a land condition record are not followed.
590 ## - LOCAL NOTE (RLIN)
Local note ABS
650 ## - SUBJECT ADDED ENTRY--TOPICAL TERM
Topical term or geographic name entry element LAND CONDITION RECORDS
650 ## - SUBJECT ADDED ENTRY--TOPICAL TERM
Topical term or geographic name entry element ENVIRONMENTAL ACT 1995
650 ## - SUBJECT ADDED ENTRY--TOPICAL TERM
Topical term or geographic name entry element CONTAMINATED LAND
650 ## - SUBJECT ADDED ENTRY--TOPICAL TERM
Topical term or geographic name entry element REMEDIATION
690 ## - LOCAL SUBJECT ADDED ENTRY--TOPICAL TERM (OCLC, RLIN)
Topical term or geographic name as entry element ENVIRONMENT-CONTAMINATION
942 ## - ADDED ENTRY ELEMENTS (KOHA)
Suppress in OPAC 0
Holdings
Withdrawn status Lost status Source of classification or shelving scheme Damaged status Not for loan Home library Current library Shelving location Date acquired Total Checkouts Full call number Barcode Date last seen Copy number Price effective from Koha item type
    Dewey Decimal Classification     London London Journal article 27/05/2003   ABS66700 122410-1001 06/08/2019 1 06/08/2019 Journal article